Ανάλυση : Α' δέσμη
Αποθηκεύτηκε σε:
| Κύριος συγγραφέας: | |
|---|---|
| Άλλοι συγγραφείς: | |
| Μορφή: | Βιβλίο |
| Γλώσσα: | Greek |
| Δημοσίευση: |
Αθήνα :
Σαββάλας,
1994.
|
| Σειρά: | Βιβλία για την εκπαίδευση (Σαββάλας)
|
| Θέματα: | |
| Ετικέτες: |
Προσθήκη ετικέτας
Δεν υπάρχουν, Καταχωρήστε ετικέτα πρώτοι!
|
MARC
| LEADER | 00000cam a2200000 i 4500 | ||
|---|---|---|---|
| 001 | 1/25272 | ||
| 008 | 020621s1994 gr | ||| |||| ||gre|| | ||
| 020 | |a 9607343689 | ||
| 035 | |l 10068035 | ||
| 040 | |a GR-MY-UA |b gre |e aacr | ||
| 041 | 0 | |a gre | |
| 082 | 7 | |a 519.4 |2 (22) | |
| 100 | 1 | |a Τζιρώνης, Κώστας. | |
| 245 | 1 | 0 | |a Ανάλυση : |b Α' δέσμη / |c Κώστας Τσιρώνης, Θεόδωρος Τζουβάρας. |
| 260 | |a Αθήνα : |b Σαββάλας, |c 1994. | ||
| 300 | |a 490 σ. ; |c 24 εκ. | ||
| 490 | 1 | |a (Βιβλία για την εκπαίδευση / Σαββάλας) | |
| 650 | 0 | 0 | |a Numerical analysis. |
| 700 | 1 | |a Τζουβάρας, Θεόδωρος. | |
| 830 | 0 | |a Βιβλία για την εκπαίδευση (Σαββάλας) | |
| 852 | |a INST |b RHODES |e 20020621 |h 519.4 ΤΖΙ |p 005400016392 |q 005400016392 |t BK |y 0 | ||
| 852 | |a INST |b RHODES |e 20020621 |h 519.4 ΤΖΙ |p 005400016393 |q 005400016393 |t BK |y 0 | ||
| 901 | |a BIBL4-2002-2 | ||
| 909 | |a Ρ |b 101269 | ||
| 909 | |a Ρ |b 101270 | ||
| 970 | |a ΚΟΥΛΑΚΙΟΤΗ |b ΛΙΤΣΑ |z 2002/06/21 | ||